00322nam a22001337a 4500008004100000082001800041100002200059245002500081250001200106260002600118300001500144365001000159650001900169200302b ||||| |||| 00| 0 eng d00a621.48bS6421 aSmith, Edward C. 10aAppiled atomic power a2nd ed. aLondonbBlackiec1947 axii,227 p. d15.00 0aNuclear Energy